00334nam a2200085Ia 4500008004100000100002100041245008300062260007600145650002700221160725s9999 xx 000 0 und d aIgnacio, Aris E. 2aA simulation-based implementation of the five basic models of neural networks. bKaizen Research Journal College of Information TechnologycJanuary 2014 aINFORMATION TECHNOLOGY